| 000 | 01494nam a22002417a 4500 | ||
|---|---|---|---|
| 005 | 20210212083159.0 | ||
| 008 | 210212n sp |||fr|||| 001 0 spa d | ||
| 040 |
_cSandra Yazo (modificó) _dSandra Yazo (modificó) |
||
| 041 | _aspa | ||
| 082 |
_220 _a370 |
||
| 092 | _aE51N011 | ||
| 100 | 1 |
_aDewey, John _d1859-1952 _961530 |
|
| 245 | 1 | 0 |
_aLa escuela y la sociedad _cJohn Dewey ; Traducción del inglés y prólogo por Domingo Barnés |
| 260 |
_aMadrid (España) _bFrancisco Beltrán. Librería Española y Extranjera _c[fecha desconocida] |
||
| 300 |
_a132 paginas _c18 x 12 cm. |
||
| 500 | _aDetalles físicos: Encuadernación rígida: cartón forrado en tela. Tapas con impresiones y dibujos (en tapa delantera, dos colores). Guardas. Anteportada con grabado decorativo. Portada impresa en una sola tinta, con marca tipográfica del editor en un anagrama. Cenefas decorativas. Mayúsculas capitales. Remates. Texto en una sola columna. Esquinas redondeadas. Gráficos dentro del texto. Índice. Colofón. | ||
| 505 | 0 | _aPrólogo del traductor ; Nota del Autor ; La escuela y el progreso social ; La escuela y la vida del niño ; El despilfarro en la educación ; Tres años de la escuela elemental universitaria | |
| 650 | 7 |
_913893 _aEducación y sociedad |
|
| 650 | 7 |
_921215 _aPedagogía _ySiglo XIX-XX _zEstados Unidos |
|
| 690 |
_aTeoría de la educación _925273 |
||
| 700 | 1 |
_aBarnés, Domingo _d1879-1940 _etraductor _9102324 |
|
| 942 |
_2LOCAL _cLIBRO _e3 _hE51N011 |
||
| 999 |
_c318549 _d318549 |
||